Language Quiz

Random Language or Spanish Quiz

English 1 Quiz Stats

Quiz not verified by Sporcle

Also try: Begins With 'Pal'
Challenge
Share
Tweet
Embed
Score 0/66 Timer 15:00
0 Plays Today
Spanish English % Correct
1one
100%
2two
100%
3three
100%
4four
100%
5five
100%
6six
100%
7seven
100%
8eight
100%
9nine
100%
10ten
100%
11eleven
100%
12twelve
92.9%
13thirteen
92.9%
14fourteen
92.9%
15fifteen
92.9%
17seventeen
92.9%
18eighteen
92.9%
20twenty
92.9%
30thirty
92.9%
50fifty
92.9%
cabezahead
85.7%
ojoseyes
85.7%
nariznose
85.7%
bocamouth
85.7%
manohand
85.7%
piefoot
85.7%
zapatosshoes
85.7%
pantalonespants
85.7%
sombrerohat
85.7%
Cuantos aƱos tienes?How old are you?
85.7%
orejasears
85.7%
40fourty
85.7%
70seventy
85.7%
Spanish English % Correct
80eighty
85.7%
Como estas?How are you?
85.7%
biengood
85.7%
dedosfingers
78.6%
piernaleg
78.6%
piesfeet
78.6%
camisashirt
78.6%
90ninety
78.6%
labioslips
71.4%
dientesteeth
71.4%
pelohair
71.4%
brazoarm
71.4%
dedos del pietoes
71.4%
vestidodress
71.4%
19nineteen
71.4%
caraface
64.3%
dientetooth
64.3%
faldaskirt
64.3%
tristesad
64.3%
cansadatired
64.3%
enfermasick
64.3%
cuelloneck
57.1%
hombrosshoulders
57.1%
1000one thousand
57.1%
alegrehappy
57.1%
Qual es tu nombre?What is your name?
57.1%
cinturonbelt
50%
0sixty
50%
aburridobored
50%
frenteforehead
42.9%
16sixteen
28.6%
100one hundred
28.6%
enojadomad
28.6%

You're not logged in!

Compare scores with friends on all Sporcle quizzes.
Join for Free
OR
Log In

You Might Also Like...

Show Comments

Extras

Created Jun 10, 2011ReportNominate
Tags:Spanish Quiz, English

Top Quizzes Today


Score Distribution

Your Account Isn't Verified!

In order to create a playlist on Sporcle, you need to verify the email address you used during registration. Go to your Sporcle Settings to finish the process.

Report this User

Report this user for behavior that violates our Community Guidelines.

Details: